Aleshen - ALESHEN II - Statystyki

Ogólne statystyki
  • Ten quiz został rozwiązany 23 razy
  • Średni wynik to 10 z 16
Statystyki odpowiedzi
ALESHEN II % Poprawnych
Hip Hop
87%
Ajaj
80%
Vanish 3
80%
Za Moich Białasów
80%
Chłopaki Chcą Pojeść
67%
Nowa Kultura
67%
Więcej Pracy
67%
Kłamcy
60%
Po Całej Polsce
60%
Stary
60%
Złudzenie
60%
Już nie mogę przegrać
53%
Tak Jak Lubi
53%
Thai Freestyle
53%
Ona Jak Sniff
47%
Walter i Jessie
20%
Nie znaleziono quizów pasujących do podanych kryteriów
Rozkład punktacji
Procent ludzi z każdym wynikiem
Percentyl według liczby udzielonych odpowiedzi
Twoja historia wyników
Nie rozwiązałeś tego quizu